书目信息 |
| 题名: |
中西文化比较
|
|
| 作者: | 徐行言 | |
| 分册: | ||
| 出版信息: | 北京 北京大学出版社 2018 |
|
| 页数: | 372页 | |
| 开本: | 21cm | |
| 丛书名: | ||
| 单 册: | ||
| 中图分类: | G04 | |
| 科图分类: | ||
| 主题词: | 比较文化--bi jiao wen hua--中国--西方国家--高等学校--教材 | |
| 电子资源: | ||
| ISBN: | 978-7-301-06325-5 | |
| 000 | 00713nam0 2200229 45 | |
| 001 | 012001004935 | |
| 005 | 20121205175232.0 | |
| 010 | @a978-7-301-06325-5@dCNY35.00 | |
| 099 | @aCAL 012004121436 | |
| 100 | @a20041110d2004 em y0chiy0121 ea | |
| 101 | 0 | @achi |
| 102 | @aCN@b110000 | |
| 105 | @aa z 000yy | |
| 106 | @ar | |
| 200 | 1 | @a中西文化比较@Azhong xi wen hua bi jiao@f徐行言主编 |
| 210 | @a北京@c北京大学出版社@d2018 | |
| 215 | @a372页@c图@d21cm | |
| 606 | 0 | @a比较文化@Abi jiao wen hua@y中国@y西方国家@x高等学校@j教材 |
| 690 | @aG04@v4 | |
| 701 | 0 | @a徐行言@AXu Xingyan@c(文学),@f1954-@3CAL n2004075663#@7jt0yjt0y@7ec0yec0y |
| 801 | 2 | @aCN@b江苏凤凰@c20191020 |
| 905 | @b1224369-74@dG04@e144@f6 | |
| 中西文化比较/徐行言主编.-北京:北京大学出版社,2018 |
| 372页:图;21cm |
| ISBN 978-7-301-06325-5:CNY35.00 |
| ● |
| 相关链接 |
|
|
|
|
正题名:中西文化比较
索取号:G04/144
 
预约/预借
| 序号 | 登录号 | 条形码 | 馆藏地/架位号 | 状态 | 备注 |
| 1 | 1224369 | 212243696 | 第一样本阅览室/ [索取号:G04/144] | 在馆 | |
| 2 | 1224370 | 212243703 | 教育系资料室/ [索取号:G04/144] | 在馆 | |
| 3 | 1224371 | 212243712 | 教育系资料室/ [索取号:G04/144] | 在馆 | |
| 4 | 1224372 | 212243721 | 教育系资料室/ [索取号:G04/144] | 在馆 | |
| 5 | 1224373 | 212243730 | 第四借阅区/ [索取号:G04/144] | 在馆 | |
| 6 | 1224374 | 212243749 | 第四借阅区/ [索取号:G04/144] | 在馆 |